<?xml version="1.0" encoding="UTF-8"?>
<record
    xmlns:xsi="http://www.w3.org/2001/XMLSchema-instance"
    xsi:schemaLocation="http://www.loc.gov/MARC21/slim http://www.loc.gov/standards/marcxml/schema/MARC21slim.xsd"
    xmlns="http://www.loc.gov/MARC21/slim">

  <leader>02159nam a2200421 i 4500</leader>
  <controlfield tag="001">155392</controlfield>
  <controlfield tag="003">ES-MaACL</controlfield>
  <controlfield tag="005">20250830063108.0</controlfield>
  <controlfield tag="008">931025e1798    sp     |r     001 0 spa  </controlfield>
  <datafield tag="040" ind1=" " ind2=" ">
    <subfield code="a">CYL </subfield>
    <subfield code="b">spa </subfield>
    <subfield code="c">ES-MaACL</subfield>
  </datafield>
  <datafield tag="080" ind1=" " ind2=" ">
    <subfield code="a">572 </subfield>
  </datafield>
  <datafield tag="080" ind1=" " ind2=" ">
    <subfield code="a">113/119 </subfield>
  </datafield>
  <datafield tag="080" ind1=" " ind2=" ">
    <subfield code="a">57"17" </subfield>
  </datafield>
  <datafield tag="080" ind1=" " ind2=" ">
    <subfield code="a">37"17" </subfield>
  </datafield>
  <datafield tag="100" ind1="1" ind2=" ">
    <subfield code="a">Herv&#xE1;s, Lorenzo,</subfield>
    <subfield code="d">1735-1809</subfield>
    <subfield code="e">aut</subfield>
    <subfield code="9">63423</subfield>
  </datafield>
  <datafield tag="245" ind1="1" ind2="0">
    <subfield code="a">Historia de la vida del hombre. </subfield>
    <subfield code="n">Continuacion de la parte II. </subfield>
    <subfield code="n">Tomo V /</subfield>
    <subfield code="c">su autor el abate D. Lorenzo Herv&#xE1;s y Panduro, Te&#xF3;logo del ... Cardenal Juan Francisco Albani, Decano del Sagrado Colegio, y Canonista del ... Cardenal Aurelio Roverella ...</subfield>
  </datafield>
  <datafield tag="260" ind1=" " ind2=" ">
    <subfield code="a">En Madrid : </subfield>
    <subfield code="b">en la imprenta de la Administracion de la Rifa del Real Estudio de Medicina Pr&#xE1;ctica : </subfield>
    <subfield code="b">se hallar&#xE1; .... en la Librer&#xED;a de Ranz, calle de la Cruz ...,</subfield>
    <subfield code="c">1798</subfield>
  </datafield>
  <datafield tag="300" ind1=" " ind2=" ">
    <subfield code="a">[6], 354 p&#xE1;ginas, [2] en blanco ; </subfield>
    <subfield code="c">4&#xBA;</subfield>
  </datafield>
  <datafield tag="500" ind1=" " ind2=" ">
    <subfield code="a">&#xCD;ndice</subfield>
  </datafield>
  <datafield tag="505" ind1="0" ind2=" ">
    <subfield code="a">El hombre en la virilidad: El hombre en la virilidad, miembro distinguido de la sociedad civil; Perfecci&#xF3;n f&#xED;sica del hombre en su virilidad; Discursos pol&#xED;ticos relativos al hombre y a la sociedad civil</subfield>
  </datafield>
  <datafield tag="530" ind1=" " ind2=" ">
    <subfield code="a">Disponible en formato digital </subfield>
  </datafield>
  <datafield tag="594" ind1=" " ind2=" ">
    <subfield code="a">T&#xED;tulo en anteportada: "Historia de la vida del hombre, &#xF3; Idea del universo, baxo cuyo t&#xED;tulo se public&#xF3; en italiano"</subfield>
  </datafield>
  <datafield tag="597" ind1=" " ind2=" ">
    <subfield code="a">Sign.:  [ ]3, A-Z4, 2A-2X4, 2Y2.</subfield>
  </datafield>
  <datafield tag="597" ind1=" " ind2=" ">
    <subfield code="a">Anteportada</subfield>
  </datafield>
  <datafield tag="650" ind1=" " ind2="4">
    <subfield code="a">Hombre</subfield>
    <subfield code="9">13451</subfield>
  </datafield>
  <datafield tag="650" ind1=" " ind2="4">
    <subfield code="a">Antropolog&#xED;a filos&#xF3;fica-</subfield>
    <subfield code="v">Obras anteriores a 1800</subfield>
    <subfield code="9">147426</subfield>
  </datafield>
  <datafield tag="650" ind1=" " ind2="4">
    <subfield code="a">Biolog&#xED;a-</subfield>
    <subfield code="v">Obras anteriores a 1800</subfield>
    <subfield code="9">157398</subfield>
  </datafield>
  <datafield tag="650" ind1=" " ind2="4">
    <subfield code="a">Educaci&#xF3;n-</subfield>
    <subfield code="v">Obras anteriores a 1800</subfield>
    <subfield code="9">12084</subfield>
  </datafield>
  <datafield tag="710" ind1="2" ind2=" ">
    <subfield code="a">Imprenta de la Rifa del Real Estudio de Medicina Pr&#xE1;ctica</subfield>
    <subfield code="e">prm</subfield>
    <subfield code="9">242133</subfield>
  </datafield>
  <datafield tag="710" ind1="2" ind2=" ">
    <subfield code="a">Librer&#xED;a de Ranz</subfield>
    <subfield code="e">edt</subfield>
    <subfield code="e">bsl</subfield>
    <subfield code="9">242134</subfield>
  </datafield>
  <datafield tag="740" ind1="3" ind2="2">
    <subfield code="a">El hombre en la virilidad</subfield>
  </datafield>
  <datafield tag="752" ind1=" " ind2=" ">
    <subfield code="a">Espa&#xF1;a -</subfield>
    <subfield code="d">Madrid </subfield>
  </datafield>
  <datafield tag="852" ind1="4" ind2=" ">
    <subfield code="a">ES-MaACL</subfield>
    <subfield code="c">DEPO</subfield>
    <subfield code="d">Olim: G-2562-68</subfield>
    <subfield code="j">R-822-28   </subfield>
    <subfield code="x">Pasta espa&#xF1;ola  </subfield>
  </datafield>
  <datafield tag="856" ind1="4" ind2=" ">
    <subfield code="u">https://repositorio.bde.es/handle/123456789/35232</subfield>
    <subfield code="y">Versi&#xF3;n en l&#xED;nea</subfield>
    <subfield code="z">(Repositorio Institucional del Banco de Espa&#xF1;a)</subfield>
  </datafield>
  <datafield tag="942" ind1=" " ind2=" ">
    <subfield code="c">MONANT</subfield>
    <subfield code="n">0</subfield>
  </datafield>
  <datafield tag="999" ind1=" " ind2=" ">
    <subfield code="c">155392</subfield>
    <subfield code="d">155392</subfield>
  </datafield>
  <datafield tag="952" ind1=" " ind2=" ">
    <subfield code="0">0</subfield>
    <subfield code="1">0</subfield>
    <subfield code="4">0</subfield>
    <subfield code="7">0</subfield>
    <subfield code="8">LIBXVIII</subfield>
    <subfield code="a">ATENEOM</subfield>
    <subfield code="b">ATENEOM</subfield>
    <subfield code="c">DEPO</subfield>
    <subfield code="d">2008-01-17</subfield>
    <subfield code="l">0</subfield>
    <subfield code="o">R-822-28</subfield>
    <subfield code="p">1162545</subfield>
    <subfield code="r">2023-02-23 00:00:00</subfield>
    <subfield code="w">2023-02-23</subfield>
    <subfield code="y">MONANT</subfield>
  </datafield>
</record>
